000 00286nam a22001337a 4500
008 181102b xxu||||| |||| 00| 0 eng d
020 _a0300017413
041 _aeng
080 _a610
100 _a3
101 _aSHM
245 _aThe Patient as Person
_cRamsey,P
942 _2udc
_cBK
999 _c51618
_d51618